Delusions of Grandma /

में बचाया:
ग्रंथसूची विवरण
मुख्य लेखक: Fisher, Carrie
स्वरूप: Sách giấy
भाषा:English
प्रकाशित: London : Simon&Schuster, 1994
टैग : टैग जोड़ें
कोई टैग नहीं, इस रिकॉर्ड को टैग करने वाले पहले व्यक्ति बनें!
Thư viện lưu trữ: Thư viện Trường Đại học Đà Lạt
LEADER 00514nam a2200229 4500
001 DLU020000980
005 ##1/12/1999
041 # # |a eng 
082 # # |a 813  |b FI-C 
100 # # |a Fisher, Carrie 
245 # # |a Delusions of Grandma /  |c Carrie Fisher  
260 # # |a London :  |b Simon&Schuster,  |c 1994 
300 # # |a 247 tr.;   |c 19 cm. 
992 # # |a 7000 
994 # # |a DLU 
900 # # |a False 
911 # # |a Administrator 
925 # # |a G 
926 # # |a A 
927 # # |a SH 
980 # # |a Thư viện Trường Đại học Đà Lạt